logo

FRANCO Y SUS GENERALES (Record no. 63761)

MARC details
000 -CABECERA
campo de control de longitud fija 00413nam a2200169Ia 4500
001 - NÚMERO DE CONTROL
campo de control 26209
005 - FECHA Y HORA DE LA ÚLTIMA TRANSACCIÓN
campo de control 20260407094423.0
008 - CÓDIGOS DE INFORMACIÓN DE LONGITUD FIJA
campo de control de longitud fija 260115s9999 xx 000 0 und d
035 ## - NÚMERO DE CONTROL DEL SISTEMA
Número de control de sistema 17579
090 ## - LOCALMENTE ASIGNADO TIPO-LC NÚMERO DE CLASIFICACIÓN (OCLC); NÚMERO DE CLASIFICACIÓN LOCAL (RLIN)
Número de clasificación (OCLC) (R) ; Numero de clasificación CALL (RLIN) (NR) 94(460).093
100 ## - PUNTO DE ACCESO PRINCIPAL - NOMBRE DE PERSONA
Nombre de persona CARDONA GABRIEL
245 #0 - MENCIÓN DE TÍTULO
Título FRANCO Y SUS GENERALES
260 ## - PUBLICACIÓN, DISTRIBUCIÓN, ETC. (PIE DE IMPRENTA)
Nombre del editor distribuidor etc. TEMAS DE HOY
Fecha de publicación distribución etc. 2001
630 ## - PUNTO DE ACCESO ADICIONAL DE MATERIA--TÍTULO UNIFORME
Título uniforme HISTORIA DE ESPAÑA
650 ## - PUNTO DE ACCESO ADICIONAL DE MATERIA--TÉRMINO DE MATERIA
Término de materia o nombre geográfico como elemento inicial HISTORIA DE ESPAÑA FRANQUISMO
942 ## - ELEMENTOS DE PUNTO DE ACCESO ADICIONAL (KOHA)
Tipo de ítem Koha Monografías
Holdings
Estado de retiro Estado de pérdida Estado dañado No para préstamo Código de colección Localización permanente Ubicación/localización actual Ubicación en estantería Fecha de adquisición Enumeración/cronología de publicación seriada Número de inventario Número de registro Total de préstamos Signatura topográfica completa Código de barras Fecha visto por última vez Número de copia Precio válido a partir de Tipo de ítem Koha Nota pública
          Servicio de Estudios Históricos Servicio de Estudios Históricos   27/11/2001 94(460).093 23833 23833   17579 FH_26209 05/02/2026 1 05/02/2026 Monografías 24 CTMS. 341 PAGS. 3200 PTAS (19´23 E). MADRID